Suburban growth : (Record no. 26050)
[ view plain ]
| 000 -LEADER | |
|---|---|
| fixed length control field | 00759cam a22002295a 4500 |
| 001 - CONTROL NUMBER | |
| control field | 779002 |
| 005 - DATE AND TIME OF LATEST TRANSACTION | |
| control field | 20180130133011.0 |
| 008 - FIXED-LENGTH DATA ELEMENTS--GENERAL INFORMATION | |
| fixed length control field | 731214s1974 enka frb 001 0 eng d |
| 020 ## - INTERNATIONAL STANDARD BOOK NUMBER | |
| International Standard Book Number | 0471443905 |
| 040 ## - CATALOGING SOURCE | |
| Original cataloging agency | DLC |
| Transcribing agency | DLC |
| Modifying agency | DLC |
| -- | EG-ScBUE |
| Language of cataloging | eng |
| 082 00 - DEWEY DECIMAL CLASSIFICATION NUMBER | |
| Classification number | 301.362 |
| Edition number | 22 |
| Item number | JOH |
| 245 00 - TITLE STATEMENT | |
| Title | Suburban growth : |
| Remainder of title | geographical processes at the edge of the western city / |
| Statement of responsibility, etc | edited by James H. Johnson. |
| 260 ## - PUBLICATION, DISTRIBUTION, ETC. (IMPRINT) | |
| Place of publication, distribution, etc | London : |
| Name of publisher, distributor, etc | John Wiley & Sons, |
| Date of publication, distribution, etc | 1974. |
| 300 ## - PHYSICAL DESCRIPTION | |
| Extent | xv, 257 p. : |
| Other physical details | ill. ; |
| Dimensions | 24 cm. |
| 504 ## - BIBLIOGRAPHY, ETC. NOTE | |
| Bibliography, etc | Includes bibliographical references and index. |
| 650 #7 - SUBJECT ADDED ENTRY--TOPICAL TERM | |
| Topical term or geographic name as entry element | Cities and towns |
| General subdivision | Growth. |
| Source of heading or term | BUEsh |
| 9 (RLIN) | 7268 |
| 650 #7 - SUBJECT ADDED ENTRY--TOPICAL TERM | |
| Topical term or geographic name as entry element | Suburbs. |
| Source of heading or term | BUEsh |
| 651 ## - SUBJECT ADDED ENTRY--GEOGRAPHIC NAME | |
| Source of heading or term | BUEsh |
| 653 ## - INDEX TERM--UNCONTROLLED | |
| Resource For college | Generalities |
| Arrived date list | January2018 |
| 700 ## - ADDED ENTRY--PERSONAL NAME | |
| Personal name | Johnson, James Henry, |
| Dates associated with a name | 1930- |
| Relator term | editor. |
| 942 ## - ADDED ENTRY ELEMENTS (KOHA) | |
| Source of classification or shelving scheme | Dewey Decimal Classification |
| Withdrawn status | Item status | Source of classification or shelving scheme | Damaged status | Not for loan | Home library | Current library | Shelving location | Date acquired | Total Checkouts | Full call number | Barcode | Date last seen | Koha item type |
|---|---|---|---|---|---|---|---|---|---|---|---|---|---|
| Dewey Decimal Classification | Central Library | Central Library | First floor | 30/01/2018 | 301.362 JOH | 000042893 | 15/07/2025 | Book - Borrowing |